[Event "London Classic op U1600 8th"]
[Site "London"]
[Date "2016.12.10"]
[Round "2"]
[White "Dilukshan, Manoharan"]
[Black "Vaidya, Pranav"]
[Result "1-0"]
[WhiteElo "1502"]
[BlackElo "835"]
[PlyCount "59"]
[EventDate "2016.12.09"]
[EventType "swiss"]
[EventRounds "5"]
[EventCountry "ENG"]
[SourceTitle "EXT 2019"]
[Source "ChessBase"]
[SourceDate "2018.10.10"]
[SourceVersion "1"]
[SourceVersionDate "2018.10.10"]
[SourceQuality "1"]

1. e4 e5 2. Nf3 Nc6 3. Bb5 Nf6 4. Nc3 Bc5 5. h3 0-0 6. 0-0 Ne7 7. d3 a6 8. Bc4 b5 9. Bb3 Bb7 10. a3 d5 11. exd5 Bd4 12. Ne2 Nexd5 13. Nexd4 exd4 14. Nxd4 Re8 15. Nf3 Ne7 16. Bg5 Qd6 17. Re1 Nf5 18. Rxe8+ Rxe8 19. c3 Ng3 20. fxg3 Qxg3 21. Bh4 Qf4 22. Bxf6 gxf6 23. Qf1 Re3 24. Bd1 c5 25. Be2 h5 26. h4 Qg4 27. Qf2 Re6 28. Re1 Qa4 29. Qg3+ Kf8 30. Qb8+ 1-0

[Event "London Classic op U1600 8th"]
[Site "London"]
[Date "2016.12.10"]
[Round "3"]
[White "McCormack, Daniel"]
[Black "Dilukshan, Manoharan"]
[Result "1-0"]
[WhiteElo "1285"]
[BlackElo "1502"]
[PlyCount "29"]
[EventDate "2016.12.09"]
[EventType "swiss"]
[EventRounds "5"]
[EventCountry "ENG"]
[SourceTitle "EXT 2019"]
[Source "ChessBase"]
[SourceDate "2018.10.10"]
[SourceVersion "1"]
[SourceVersionDate "2018.10.10"]
[SourceQuality "1"]

1. e4 e5 2. Nf3 Nc6 3. Bc4 h6 4. Nc3 Nf6 5. d3 Bc5 6. 0-0 b6 7. Bd2 Bb7 8. Rb1 Nd4 9. Nxe5 0-0 10. Bxf7+ Rxf7 11. Nxf7 Kxf7 12. e5 Nh7 13. Qh5+ Kg8 14. Qg4 g5 15. h4 1-0

[Event "London Classic CSC U120 op 7th"]
[Site "London"]
[Date "2015.12.04"]
[Round "1"]
[White "Dilukshan, Manoharan"]
[Black "Whittome, Anthony"]
[Result "1-0"]
[WhiteElo "101"]
[BlackElo "118"]
[PlyCount "47"]
[EventDate "2015.12.04"]
[EventType "swiss"]
[EventRounds "5"]
[EventCountry "ENG"]
[SourceTitle "CBM 169 Extra"]
[Source "ChessBase"]
[SourceDate "2015.12.18"]
[SourceVersion "1"]
[SourceVersionDate "2015.12.18"]
[SourceQuality "1"]

1. e4 c5 2. Nf3 d6 3. Nc3 Nc6 4. Bb5 Bd7 5. d3 Nf6 6. Bg5 e6 7. 0-0 Be7 8. Bxc6 Bxc6 9. Bxf6 Bxf6 10. Qd2 0-0 11. Rfe1 Rb8 12. Rab1 b5 13. Ne2 Qc7 14. c3 Qb7 15. Ng3 g6 16. Qf4 Qe7 17. e5 dxe5 18. Nxe5 Bd5 19. Ra1 Bg7 20. a4 bxa4 21. Rxa4 Rxb2 22. c4 Bxe5 23. Qxe5 Ba8 24. Qxb2 1-0